Kierunki i dynamika przeobrazen struktury spoleczno-gospodarczej w ukladzie terytorialnym

Na minha lista:
Detalhes bibliográficos
Autor principal: Klamut, Miroslawa
Formato: Livro
Idioma:polonês
Publicado em: Wroclaw Akademia ekonomiczna im. Oskara Langego 1983
Colecção:Prace naukowe
Tags: Adicionar Tag
Sem tags, seja o primeiro a adicionar uma tag!

MARC

LEADER 00000nam a2200000 4500
001 c112694
005 20240419080808.0
041 0 |a pol 
044 |a PL 
245 1 0 |a Kierunki i dynamika przeobrazen struktury spoleczno-gospodarczej w ukladzie terytorialnym  |c Miroslawa Klamut 
264 1 |a Wroclaw  |b Akademia ekonomiczna im. Oskara Langego  |c 1983 
300 |a 225 s. 
490 1 |a Prace naukowe 
830 0 |a Prace naukowe 
100 1 |a Klamut, Miroslawa